| 000 | 00557nam a2200217Ia 4500 | ||
|---|---|---|---|
| 003 | OSt | ||
| 005 | 20221005132657.0 | ||
| 006 | a|||||r|||| 00| 0 | ||
| 007 | ta | ||
| 008 | 221004b |||||||| |||| 00| 0 eng d | ||
| 024 | _a55261 | ||
| 037 | _cTextual | ||
| 040 |
_aCRL _cCRL _beng |
||
| 041 |
_2eng _aeng |
||
| 082 | _aT4:41t2:N50, J1.2,2 | ||
| 245 | 0 |
_aUNIVERSITY EDUCATION COMMISSION India _b Report V 2 pt 2 |
|
| 260 | _c1951 | ||
| 650 | _aEDUCATION | ||
| 942 |
_hT4:41t2:N50, J1.2,2 _cTEXL _2cc |
||
| 999 |
_c1064477 _d1064477 |
||